Paesi più vicini al Mali - Statistics

Statistiche generali
  • Questo quiz è stato fatto 40 volte
  • Il punteggio medio è 17 su 20
Statistiche sulle risposte
km nazione % Corretto
0 Niger
100%
0 Algeria
97%
0 Mauritania
97%
214 Nigeria
97%
363 Marocco
92%
326 Benin
89%
0 Burkina Faso
89%
0 Côte d'Ivoire
89%
0 Senegal
89%
189 Gambia
86%
0 Guinea
86%
867 Libia
86%
393 Togo
86%
208 Guinea-Bissau
84%
281 Liberia
84%
223 Sierra Leone
84%
1018 Ciad
81%
226 Ghana
76%
238 Sahara Occidentale
46%
816 Spagna
35%
Nessun quiz corrispondente trovato
Distribuzione punteggi
Percentuale di utenti per punteggio
Percentile per numero di risposta
I tuoi punteggi nel tempo
Non hai fatto questo quiz